|
|
|
|
| LEADER |
00000nab a2200000 a 4500 |
| 001 |
vtls000910966 |
| 003 |
SK-MaSNL |
| 005 |
20260303225537.0 |
| 008 |
040720e19981210xo 0 slo |
| 035 |
|
|
|a KE19887
|
| 040 |
|
|
|a KEVKJB
|b slo
|c KEVKJB
|e AACR2
|
| 041 |
0 |
|
|a slo
|
| 044 |
|
|
|a xo
|c SK
|
| 080 |
|
|
|a 353.5
|2 1981
|
| 080 |
|
|
|a 929
|2 1981
|
| 100 |
0 |
|
|a pit
|4 aut
|9 877320
|
| 245 |
1 |
0 |
|a Nový prednosta OŮ Košice-okolie
|
| 590 |
|
|
|a Pástor, Ľuboš 1969-,
|b prednosta OÚ
|
| 600 |
1 |
7 |
|a Pastor, Ľuboš,
|d 1969-,
|2 KEVKJB
|9 246579
|
| 610 |
1 |
7 |
|a Košice - okolie (Slovensko).
|b Okresný úrad
|2 KEVKJB
|9 188147
|
| 650 |
0 |
7 |
|a štátna správa
|2 KEVKJB
|9 1539
|
| 650 |
0 |
7 |
|a menovanie do funkcie
|2 KEVKJB
|9 29739
|
| 650 |
0 |
7 |
|a informácie
|2 KEVKJB
|9 1285
|
| 651 |
|
7 |
|a Košice-okolie (Slovensko : okres)
|2 KEVKJB
|9 146743
|
| 651 |
|
7 |
|a KS,
|2 KEVKJB
|9 880381
|
| 655 |
|
7 |
|a periodikum
|2 snkbucl
|9 29553
|
| 710 |
2 |
|
|a Košice - okolie (Slovensko).
|b Okresný úrad
|4 aut
|9 188147
|
| 773 |
0 |
8 |
|t Košický večer
|g Roč. 9
|g Roč. 30, č.238, 10.12.1998, s. 1
|
| 852 |
|
|
|a ZVYKNI
|b KIS3GCP
|
| 999 |
|
|
|c 2257428
|d 2259358
|